[Event "11th Mumbai Mayors Cup 2018"]
[Site "Mumbai"]
[Date "2018.06.04"]
[Round "3"]
[White "Kothari, Swapnil"]
[Black "Manik, Mikulas"]
[Result "0-1"]
[WhiteElo "1834"]
[BlackElo "2399"]
[Annotator "NA RC"]
[PlyCount "78"]
[EventDate "2018.??.??"]
[EventType "swiss"]
[EventCountry "IND"]
[SourceTitle "playchess.com"]
[Source "ChessBase"]
[SourceQuality "1"]
[TimeControl "5400+30"]

1. d4 {[%emt 0:00:00]} Nf6 {[%emt 0:00:02]} 2. c4 {[%emt 0:00:00]} g6 {[%emt 0:00:08]} 3. Nf3 {[%emt 0:00:09]} Bg7 {[%emt 0:00:03]} 4. g3 {[%emt 0:00:07]} O-O {[%emt 0:00:04]} 5. Bg2 {[%emt 0:00:09]} c6 {[%emt 0:00:11]} 6. Nc3 {[%emt 0:00:18]} d5 {[%emt 0:00:08]} 7. cxd5 {[%emt 0:00:20]} cxd5 {[%emt 0:00:08]} 8. O-O {[%emt 0:00:40]} Ne4 {[%emt 0:00:03]} 9. Be3 {[%emt 0:04:19] D79: Fianchetto Grünfeld: Symmetrical Variation (6 0-0 c6 7 cxd5 cxd5)} (9. Ng5 Nxc3 10. bxc3 h6 11. Nh3 Nc6 12. Nf4 e6 13. e4 dxe4 14. Bxe4 Bd7 15. d5 exd5 16. Bxd5 Ne5 17. Bxb7 {½-½ (28) Aronian,L (2799)-Anand,V (2783) Saint Louis 2017}) 9... Nxc3 {[%emt 0:01:59]} 10. bxc3 {[%emt 0:00:12]} Nc6 {[%emt 0:00:04]} 11. Qd2 {[%emt 0:09:34]} Bg4 $146 {[%emt 0:04:04]} ({Predecessor:} 11... Bf5 12. Bh6 Rc8 13. Bxg7 Kxg7 14. Nh4 Be6 15. e4 dxe4 16. Bxe4 Qa5 {0-1 (43) Rodriguez Garcia,J (1928)-Gaya Llodra,J (2216) Calvia 2010}) 12. Rab1 {[%emt 0:11:46]} b6 {[%emt 0:01:19]} 13. Bh6 {[%emt 0:09:17]} Bxh6 {[%emt 0:01:17]} 14. Qxh6 {[%emt 0:00:09]} Bxf3 {[%emt 0:00:17]} 15. Bxf3 {[%emt 0:00:10]} e6 {[%emt 0:00:20]} 16. e4 {[%emt 0:01:55]} Qf6 {[%emt 0:00:23]} 17. Kg2 {[%emt 0:10:43]} dxe4 {[%emt 0:00:32]} 18. Bxe4 {[%emt 0:01:08]} Rac8 {[%emt 0:00:00]} 19. Bxc6 {[%emt 0:08:19]} Rxc6 {[%emt 0:00:00]} 20. Rb3 {[%emt 0:00:34]} Rfc8 {[%emt 0:00:00]} 21. Qe3 {[%emt 0:01:51]} Rc4 {[%emt 0:01:24]} 22. h4 {[%emt 0:02:55]} Qf5 {[%emt 0:01:16]} 23. Rc1 {[%emt 0:05:13]} Ra4 {[%emt 0:02:29]} 24. Qe2 {[%emt 0:00:50]} Rxd4 {[%emt 0:00:24]} 25. cxd4 {[%emt 0:01:42]} Rxc1 {[%emt 0:00:32]} 26. Qb5 $19 {[%emt 0:09:59]} (26. Qe5 $17) 26... Qxb5 {[%emt 0:05:04]} 27. Rxb5 {[%emt 0:00:07]} Rc4 {[%emt 0:00:03]} 28. d5 {[%emt 0:00:44]} Rc5 {[%emt 0:04:05]} 29. Rxc5 {[%emt 0:00:11]} bxc5 {[%emt 0:00:01]} 30. dxe6 {[%emt 0:00:06]} fxe6 {[%emt 0:00:06]} 31. Kf3 {[%emt 0:00:05]} Kf7 {[%emt 0:00:13]} 32. Ke4 {[%emt 0:00:08]} Ke7 {[%emt 0:02:00]} 33. Ke5 {[%emt 0:00:15]} h5 {[%emt 0:04:27]} 34. f3 {[%emt 0:00:21]} a5 {[%emt 0:00:46]} 35. a4 {[%emt 0:00:05]} Kf7 {[%emt 0:02:28]} 36. Kf4 {[%emt 0:03:33]} Ke8 {[%emt 0:04:14]} 37. Ke4 {[%emt 0:05:14]} Kd7 {[%emt 0:00:16]} 38. Ke5 {[%emt 0:03:39]} Ke7 {[%emt 0:00:31]} 39. g4 {[%emt 0:00:55]} g5 {[%emt 0:00:01]} 0-1

[Event "11th Mumbai Mayors Cup 2018"]
[Site "Mumbai"]
[Date "2018.06.04"]
[Round "3"]
[White "Rahul Bharadwaj B"]
[Black "Saravana, Krishnan P"]
[Result "0-1"]
[WhiteElo "1833"]
[BlackElo "2359"]
[Annotator "TA"]
[PlyCount "104"]
[EventDate "2018.??.??"]
[EventType "swiss"]
[EventCountry "IND"]
[SourceTitle "playchess.com"]
[Source "ChessBase"]
[SourceQuality "1"]

{[%evp 17,104,11,8,8,12,19,41,36,45,17,17,17,17,10,17,15,22,15,29,29,48,27,36,25,38,18,15,16,22,22,17,14,34,0,0,0,0,-10,0,-30,-20,-20,-13,-40,-39,-66,-14,-80,-80,-72,-29,-73,-77,-92,-85,-159,-116,-286,-258,-254,-232,-267,-211,-302,-303,-291,-282,-294,-234,-215,-116,-298,-230,-234,-257,-261,-175,-192,-200,-290,-271,-375,-373,-1134,-1073,-986,-987,-914,-768]} 1. e4 e6 2. d3 d5 3. Nd2 Nf6 4. Ngf3 dxe4 5. dxe4 Bc5 6. Bc4 Nc6 {C00: French: Unusual White 2nd moves} 7. O-O e5 8. h3 O-O 9. c3 a5 {LiveBook: 3 Games} 10. a4 Qe7 (10... h6 11. Re1 Qe7 12. Nf1 Be6 13. Qb3 Bxc4 14. Qxc4 {1-0 (78) Li,R (2585)-Shen,C (2276) Philadelphia 2018}) 11. Re1 Nh5 12. Nf1 Rd8 $146 ({Predecessor:} 12... Qf6 13. Be3 Bxe3 14. Nxe3 Qg6 15. Nh4 Qg5 16. Nf3 {½-½ (16) Radivojevic,M (2128)-Popovic,M (2192) Sutomore 2004}) 13. Qc2 Be6 14. Bxe6 Qxe6 15. Be3 Bxe3 16. Nxe3 Nf4 17. Rad1 h6 18. Kh2 g6 19. Ng1 Ne7 20. g3 Nh5 21. Ng4 Nf6 22. Nxf6+ Qxf6 23. Kg2 Qc6 24. Nf3 f6 25. Re2 Rxd1 26. Qxd1 Re8 27. Re3 Nc8 {[%cal Be7c8,Bc8d6,Bd6b7,Bb7c5][%mdl 32]} 28. Nh4 Kh7 29. Kh2 Nd6 30. Qg4 Rg8 $1 {[%cal Be8g8,Bg8g7,Bg7d7,Bd7d2][%mdl 32]} 31. b3 $1 Qe8 (31... Nf7 $15) 32. c4 (32. Ng2 $11 {remains equal.}) 32... b6 $17 33. Qd1 Rg7 34. f3 Nb7 35. f4 Rd7 36. Qf3 (36. Qc2 $142) 36... Nc5 $36 {[%mdl 2048] Black is really pushing.} 37. f5 $2 {[#]} (37. Qf2 $17 {is a better defense.}) 37... g5 $19 38. Ng2 Rd2 39. h4 Qf7 40. hxg5 (40. Kg1 $142) 40... hxg5 41. Kg1 Kg7 42. Re1 Rd3 43. Re3 Rxe3 (43... Rd8 $19 44. Qe2 Qd7) 44. Qxe3 $2 {[#]} (44. Nxe3 $17 Nxb3 45. Qh1) 44... Qh5 {And now ...Qd1+ would win.} 45. Qd2 {and the idea Qd8 leaves White hopeful.} Nxe4 46. Qd8 Qf7 47. Ne3 Nxg3 48. Kg2 (48. Qd3 $142) 48... Ne2 49. Ng4 Nd4 50. Nh6 $2 (50. Ne3) 50... Kxh6 {Black is clearly winning.} 51. Qh8+ Qh7 52. Qxf6+ Kh5 {Precision: White = 31%, Black = 56%.} 0-1

[Event "11th Mumbai Mayors Cup 2018"]
[Site "Mumbai"]
[Date "2018.06.04"]
[Round "3"]
[White "Tipu Sultan"]
[Black "Neelash Saha"]
[Result "0-1"]
[WhiteElo "1804"]
[BlackElo "2333"]
[Annotator "TA"]
[PlyCount "77"]
[EventDate "2018.??.??"]
[EventType "swiss"]
[EventCountry "IND"]
[SourceTitle "playchess.com"]
[Source "ChessBase"]
[SourceQuality "1"]

{[%evp 11,77,2,1,1,6,2,0,-20,30,23,32,-23,-9,-36,-31,-62,-66,-106,-105,-120,-60,-114,-84,-258,-248,-246,-263,-371,-241,-259,-242,-239,-237,-215,-216,-339,-328,-382,-390,-369,-343,-445,-430,-447,-445,-440,-451,-571,-554,-568,-560,-615,-585,-668,-628,-671,-635,-746,-740,-970,-962,-966,-941,-921,-883,-1018,-983,-2063]} 1. e4 b6 2. d4 Bb7 3. Nc3 e6 4. Nf3 Bb4 5. Bd3 Nf6 6. e5 Ne4 {LiveBook: 23 Games. B00: Queen's Fianchetto Defence, Nimzowitsch Defence} 7. Bxe4 (7. O-O Nxc3 8. bxc3 Bxc3 9. Rb1 Nc6 10. Bg5 Ne7 11. Be2 h6 12. Bh4 g5 13. Bg3 Nf5 14. Qd3 {½-½ (66) Rublevsky,S (2676)-Bacrot,E (2695) Moscow 2007}) 7... Bxe4 8. O-O Bb7 {The position is equal.} 9. Qe2 $146 ({Predecessor:} 9. Bg5 Qc8 10. Nd2 d6 11. f4 Bxc3 12. bxc3 Nd7 13. f5 exf5 14. Rxf5 dxe5 {½-½ (22) Eng,A (2150)-Palit,S (2378) Pattaya 2011}) 9... f5 10. Bg5 Qc8 11. Nh4 (11. Na4 $14) 11... O-O $1 $11 12. Rfe1 c5 13. a3 cxd4 14. Nd5 Bxd5 15. axb4 Qe8 (15... Nc6 $17 16. Rac1 a6) 16. g3 (16. Bd2 $15) 16... a6 $36 {[%mdl 2048] White is under strong pressure.} 17. Nf3 $2 (17. c4 $17 Be4 18. b5) 17... Qh5 $19 18. Ra3 Nc6 19. Bd2 (19. Bf4 {was called for.}) 19... Qg4 ({Not} 19... Qh3 20. Qf1 $19) 20. Ng5 Qxe2 21. Rxe2 h6 22. Nh3 {[#]} d3 $1 {[%mdl 512]} 23. Rxd3 (23. cxd3 {is a better defense.} Nd4 24. Nf4) 23... Bc4 24. Ree3 Bxd3 25. cxd3 g5 {[%cal Bg7g5,Bg5g4][%mdl 32]} 26. Bc3 Ne7 {Black is clearly winning.} 27. f4 Nd5 28. Re1 Rfc8 29. Rc1 g4 30. Nf2 {[#]} Nxb4 $1 {[%mdl 512]} 31. Ra1 (31. Bxb4 Rxc1+) 31... Nd5 32. Nd1 b5 {[%cal Bb6b5,Bb5b4][%mdl 32]} 33. Bd4 b4 34. Nf2 a5 35. Ra4 Rc1+ 36. Kg2 Kf7 37. h3 h5 38. h4 Ke8 39. Ra1 {Precision: White = 16%, Black = 80%.} 0-1

[Event "11th Mumbai Mayors Cup 2018"]
[Site "Mumbai"]
[Date "2018.06.04"]
[Round "3"]
[White "Hrishikesh, Chavan"]
[Black "Phadke Sohan"]
[Result "0-1"]
[WhiteElo "1799"]
[BlackElo "2222"]
[Annotator "TA"]
[PlyCount "76"]
[EventDate "2018.??.??"]
[EventType "swiss"]
[EventCountry "IND"]
[SourceTitle "playchess.com"]
[Source "ChessBase"]
[SourceQuality "1"]

{[%evp 17,76,25,22,16,21,-21,-23,-21,0,0,-3,-12,-28,-54,-54,-295,-290,-266,-212,-264,-210,-227,-234,-225,-223,-220,-210,-208,-215,-256,-245,-241,-248,-302,-300,-483,-482,-775,-776,-771,-758,-758,-724,-798,-802,-761,-743,-29999,-1099,-912,-645,-630,-625,-633,-631,-620,-617,-822,-785,-724,-406]} 1. d4 f5 2. Nf3 Nf6 3. g3 e6 4. Bg2 d5 5. O-O Bd6 6. c4 O-O 7. Nc3 c6 8. b3 Nbd7 9. Bb2 Qe7 {LiveBook: 3 Games. A90: Dutch Defence: Miscellaneous and Modern Stonewall (with ...Bd6)} 10. Rc1 (10. Ne5 a5 {1-0 (10) Suba,M (2414)-Moskalenko,V (2531) La Roda 2013}) 10... b6 11. cxd5 exd5 {The position is equal.} 12. Re1 $146 ({Predecessor:} 12. e3 Ba6 13. Re1 Rac8 14. Nd2 Ne4 15. Bf1 Bxf1 16. Nxf1 Ndf6 17. f3 Nxc3 18. Bxc3 {½-½ (29) Baumhackel,M (2157)-Neuer,T (2096) Dortmund 2011}) 12... Bb7 13. e3 Ne4 14. Ne2 g5 $36 {[%mdl 2048] Black has the initiative.} 15. Nd2 Rae8 16. Rc2 $2 {[#]} ({White should play} 16. Nf1 $15) 16... Nxf2 $1 $19 {[%mdl 512]} 17. Kxf2 {aiming for Nc1.} Qxe3+ 18. Kf1 Nf6 {[%cal Bd7f6,Bf6g4,Bg4e3,Be3d1][%mdl 32] ( -> ...Ng4)} 19. Rc3 {[#]} Ng4 $1 {[%cal Rg4h2][%mdl 512]} 20. Rxe3 Nxe3+ 21. Kf2 Nxd1+ 22. Rxd1 Ba6 $1 23. Nc1 f4 24. g4 {[#]} f3 $1 {[%cal Rf3g2]} 25. Nxf3 {[#]} Bxh2 $1 26. Nd3 $2 {[#]} (26. Bf1 Bc8 27. Ba3) 26... h5 $1 {[%mdl 512]} 27. Bh3 (27. gxh5 $142 Re4 28. Ba3) 27... hxg4 28. Bxg4 Re4 29. Ba3 Rf6 30. Bh5 g4 31. Bxg4 Rxg4 32. Nde1 Bg3+ (32... Bg1# $142) 33. Ke3 {Black is clearly winning.} Bxe1 34. Nxe1 Re4+ 35. Kd2 Rf2+ 36. Kc1 Be2 37. Nd3 Bxd3 38. Rxd3 Re1+ {Precision: White = 32%, Black = 78%.} 0-1

[Event "11th Mumbai Mayors Cup 2018"]
[Site "Mumbai"]
[Date "2018.06.04"]
[Round "3"]
[White "Rohit S"]
[Black "Meftahi, Houssem"]
[Result "1/2-1/2"]
[WhiteElo "1796"]
[BlackElo "2138"]
[Annotator "TA"]
[PlyCount "135"]
[EventDate "2018.??.??"]
[EventType "swiss"]
[EventCountry "IND"]
[SourceTitle "playchess.com"]
[Source "ChessBase"]
[SourceQuality "1"]

{[%evp 10,135,39,31,81,74,81,81,73,69,79,67,105,22,101,43,83,68,106,85,77,63,70,41,62,34,57,0,2,16,8,0,-2,-7,20,24,25,20,39,-8,-8,-14,-18,-74,-71,-133,-134,-146,-154,-156,-154,-134,-127,-144,-85,-83,-58,-97,-97,-114,-114,-114,-114,-114,-114,-114,-114,-114,-114,-114,-97,-114,-114,-114,-114,-114,-114,-114,-101,-74,-65,-65,-65,-65,-65,-65,-65,-65,-65,-65,-65,-65,-65,-65,-65,-65,-33,-65,-65,-65,0,-65,-65,-65,0,-65,0,-65,-10,-10,-10,-10,-10,-10,-10,-10,-10,-10,-8,-8,0,-10,0,-10,0,0,0,-10]} 1. e4 c5 2. Nf3 a6 3. c3 d5 4. exd5 Qxd5 5. d4 Nc6 (5... Bg4 6. dxc5 Qxc5 7. Be3 Qc7 8. Nbd2 Nf6 9. h3 Bh5 10. Qa4+ Nc6 11. Nd4 Rc8 12. Nxc6 Qxc6 13. Qxc6+ Rxc6 {½-½ (42) Anand,V (2782)-Artemiev,V (2691) Riadh 2017}) 6. Be3 {LiveBook: 3 Partien. B28: Sizilianisch (Frühes a7-a6)} Bf5 7. Nbd2 $146 ({Viel schlechter ist} 7. dxc5 Qxd1+ 8. Kxd1 Nf6 $11) ({Vorgänger:} 7. c4 Qd6 8. dxc5 Qxd1+ 9. Kxd1 Rd8+ 10. Nbd2 Nf6 11. Nh4 Bg4+ 12. f3 Be6 13. a3 {1-0 (49) Karacsonyi,G (1517)-Ivic,L Maribor 2012}) 7... cxd4 8. Bc4 {Weiß steht besser.} ({Viel schwächer wäre} 8. cxd4 Nf6 $11) 8... Qd7 9. Nxd4 Nxd4 10. Bxd4 e6 11. Nf3 (11. Bb3 $1 $16) 11... b5 (11... Nf6 $11) 12. Ne5 (12. Be2 $1 $16) 12... Qb7 {[#]} 13. Be2 $1 Be4 14. f3 (14. a4 {seems wilder.} f6 15. Nd3 e5 16. Nc5 Bxc5 17. Bxc5 Qc6 18. Qd6) 14... Bd5 15. O-O f6 16. Nd3 (16. Ng4 {with more complications.} Ne7 17. a4 b4 18. Bd3 Nf5 19. Bf2) 16... Ne7 17. a4 {Und weiter mit Sc5 wäre nett.} Nf5 18. axb5 (18. Nf4 $14) 18... Nxd4 $11 19. cxd4 {Schwarz sollte Sc5 verhindern.} axb5 20. Rxa8+ Qxa8 21. Nf4 Bd6 22. Bxb5+ Kf7 23. Nxd5 Qxd5 24. Qe2 Qxd4+ 25. Kh1 $1 Qh4 {[%csl Gd6][%cal Rh4h2]} 26. g3 (26. g4 $1 $11 Qg5 27. Bc4) 26... Bxg3 $1 $17 27. Rd1 (27. Bd7 $142 g6 28. Bxe6+ Kg7 29. Rg1) 27... Rb8 $36 {[%mdl 2048] zielt auf ...Txb5! ab. Schwarz bestimmt, wo es lang geht.} 28. Rd7+ {[#]} Kf8 $1 {Droht ...Txb5! und aus.} 29. Bc4 Be5 30. b3 Ra8 {( -> ...Ta1+)} 31. Rd1 Qf4 (31... Ke7 $142 32. Qd2 Qh3) 32. Bxe6 Ke7 33. Bc4 Ra2 34. Qxa2 Qxf3+ 35. Qg2 Qxd1+ 36. Qg1 Qxg1+ 37. Kxg1 {[%mdl 4096] Endspiel KL-KL} Bd6 38. Kg2 g6 39. h3 f5 40. Bd5 Kf6 41. Ba8 Ke5 42. Bb7 Kf4 43. Bd5 Kg5 44. Kf3 h5 45. Bf7 Kh6 46. Be6 Kg7 47. Bd7 $1 Bb4 48. Be8 Kh6 49. Bd7 Kg5 50. Be8 Kf6 51. Kg3 Ba5 52. Kf3 Bc7 53. Kg2 Bd6 54. Kf3 Kg5 ({Besser ist} 54... Bc5 $15) 55. Kg2 (55. Bf7 $1 $11) 55... Kh6 $15 56. Bd7 Kg7 (56... h4 $15) 57. Be8 (57. Kf3 $11) 57... Kf6 58. Kf3 f4 (58... Bc5 $15) 59. Bd7 $11 {Die Stellung ist ausgeglichen.} Kg5 60. Be8 Kf5 61. Bd7+ Kf6 62. Be8 Kg5 63. Bd7 Kh4 64. Be6 Kg5 65. Bd7 Kf6 66. Be8 Kf5 67. Bd7+ Kg5 68. Ke4 {Precision: Weiß = 57%, Schwarz = 51%.} 1/2-1/2

[Event "11th Mumbai Mayors Cup 2018"]
[Site "Mumbai"]
[Date "2018.06.04"]
[Round "3"]
[White "Ansh M Shah"]
[Black "Chowdhury, Sohel"]
[Result "1/2-1/2"]
[WhiteElo "1786"]
[BlackElo "2111"]
[Annotator "TA"]
[PlyCount "112"]
[EventDate "2018.??.??"]
[EventType "swiss"]
[EventCountry "IND"]
[SourceTitle "playchess.com"]
[Source "ChessBase"]
[SourceQuality "1"]

{[%evp 12,112,18,27,68,31,31,35,46,39,52,52,54,40,50,53,47,46,35,31,37,44,43,42,40,43,54,29,37,29,29,29,36,29,29,0,31,5,17,0,8,-13,0,-14,10,12,7,0,0,0,0,-14,0,0,0,0,-6,-7,0,-15,-6,-6,-6,-10,-10,-10,-10,-10,-10,-10,-10,-10,-10,-28,0,0,0,0,0,0,0,0,0,0,0,0,0,0,0,0,0,0,0,0,0,0,0,0,0,0,0,0,0]} 1. d4 d5 2. c4 c6 3. cxd5 cxd5 4. Nc3 Nf6 5. Bf4 Nc6 6. e3 a6 7. Bd3 Qb6 {D10: Slav Defence: 3 cxd5 (without early Nf3) and 3 Nc3} (7... Bg4 8. Nge2 e6 9. O-O Be7 10. h3 Bh5 11. Rc1 O-O 12. Na4 Rc8 13. a3 Nd7 14. b4 e5 15. dxe5 Ndxe5 16. Bf5 Ra8 17. Nc5 b5 {1-0 (33) Le,Q (2737)-Andreikin,D (2712) Huaian 2017}) 8. Qd2 e6 9. Nf3 Be7 {White is slightly better.} 10. O-O h6 $146 ({Predecessor:} 10... O-O 11. Rac1 Bd7 12. Na4 Qb4 13. Nc5 Rfc8 14. a3 Qxd2 15. Nxd2 Bxc5 16. Rxc5 {0-1 (67) De Oliveira,G (1799)-Garkauskas,O (2118) Sao Paulo 2013}) 11. Na4 Qd8 12. Rac1 O-O 13. Ne5 Bd7 14. Nc5 Bxc5 15. Rxc5 Nxe5 16. Bxe5 Bc6 17. Bxf6 Qxf6 18. Rfc1 Rfe8 19. f4 Qe7 20. Bc2 g6 21. Qa5 Qd8 22. Qc3 Qh4 23. Qd2 Kg7 24. b4 Qe7 25. Bd1 Red8 26. Qb2 Qe8 27. Qb3 Rac8 28. Qc3 Bd7 29. Qb2 b6 30. Rxc8 Rxc8 31. Rc3 Bb5 32. Rxc8 Qxc8 33. a4 Bd3 34. Kf2 Qc4 35. Qd2 b5 36. axb5 axb5 37. Bf3 Qb3 38. h3 Bc4 39. Bd1 Qb1 40. Kg3 Kf6 41. Kf2 h5 42. g4 hxg4 43. hxg4 {The position is equal.} Ke7 44. Kg3 Qa1 45. Kf2 Kd6 46. Kg3 Qb1 47. Kf2 Kd7 48. Kg3 Ke7 49. Kf2 g5 50. fxg5 Qg6 51. Kg3 Qxg5 52. Qf2 Kf8 53. Bc2 f5 54. Qf4 Qxg4+ 55. Qxg4 fxg4 56. Kxg4 Ke7 {Precision: White = 55%, Black = 57%.} 1/2-1/2

[Event "11th Mumbai Mayors Cup 2018"]
[Site "Mumbai"]
[Date "2018.06.04"]
[Round "3"]
[White "Kanishk S K"]
[Black "Barath Kalyan M"]
[Result "0-1"]
[WhiteElo "1784"]
[BlackElo "2079"]
[Annotator "NA RC"]
[PlyCount "86"]
[EventDate "2018.??.??"]
[EventType "swiss"]
[EventCountry "IND"]
[SourceTitle "playchess.com"]
[Source "ChessBase"]
[SourceQuality "1"]
[TimeControl "5400+30"]

1. d4 {[%emt 0:00:00]} Nf6 {[%emt 0:01:11]} 2. c4 {[%emt 0:03:36]} e6 {[%emt 0:00:07]} 3. g3 {[%emt 0:00:08]} Bb4+ {[%emt 0:00:06]} 4. Bd2 {[%emt 0:00:09]} Qe7 {[%emt 0:00:06]} 5. Bg2 {[%emt 0:00:12]} Nc6 {[%emt 0:00:57]} 6. Nf3 {[%emt 0:00:10]} Bxd2+ {[%emt 0:00:40]} 7. Qxd2 {[%emt 0:00:34]} Ne4 {[%emt 0:02:35]} 8. Qc2 {[%emt 0:00:42]} Qb4+ {[%emt 0:00:13]} 9. Nc3 {[%emt 0:00:12] E11: Bogo-Indian} (9. Kf1 d5 10. e3 O-O 11. Nbd2 Nxd2+ 12. Nxd2 Ne7 13. Rc1 Bd7 14. a3 Qd6 15. Ke2 Rac8 16. b4 e5 17. dxe5 Qxe5 18. cxd5 {½-½ (45) Mchedlishvili,M (2604)-Matsenko,S (2534) Izmir 2016}) 9... Nxc3 {[%emt 0:00:25]} 10. bxc3 {[%emt 0:00:17]} Qxc4 {[%emt 0:01:33]} 11. O-O {[%emt 0:00:15] LiveBook: 5 Games} d5 {[%emt 0:00:18]} 12. e3 $146 {[%emt 0:00:37]} ({Predecessor:} 12. Rfb1 Ne7 13. e4 O-O 14. e5 Qc6 15. Ng5 Ng6 16. Bf1 Qe8 {0-1 (65) Hoang,V (2263)-Tran,Q (2070) Ho Chi Minh City 2013}) 12... Ne7 {[%emt 0:00:46]} 13. Ne5 {[%emt 0:02:48]} Qa6 {[%emt 0:00:15]} 14. c4 {[%emt 0:00:13]} (14. Rfc1 $11 {remains equal.}) 14... f6 {[%emt 0:01:26]} 15. Nd3 {[%emt 0:01:04]} Qd6 {[%emt 0:00:10]} (15... Qxc4 $15 16. Qxc4 dxc4) 16. Rfc1 {[%emt 0:01:46]} c6 {[%emt 0:00:05]} 17. c5 {[%emt 0:00:23]} Qc7 {[%emt 0:00:38]} 18. a4 {[%emt 0:01:49]} e5 {[%emt 0:00:28]} 19. a5 {[%emt 0:00:52]} (19. dxe5 $11 {keeps the balance.} fxe5 20. e4) 19... O-O {[%emt 0:00:33]} (19... e4 $17 20. Nb4 h5) 20. a6 {[%emt 0:02:46]} bxa6 {[%emt 0:01:11]} 21. Nb4 {[%emt 0:00:20]} a5 {[%emt 0:00:28]} 22. Nd3 {[%emt 0:01:08]} exd4 {[%emt 0:04:26]} 23. exd4 {[%emt 0:00:09]} Bf5 {[%emt 0:00:31]} 24. Qc3 {[%emt 0:00:10]} Ng6 {[%emt 0:00:16]} 25. Ne1 {[%emt 0:00:59]} h5 {[%emt 0:00:52]} 26. Rxa5 {[%emt 0:03:54]} h4 {[%emt 0:00:24]} 27. Rca1 {[%emt 0:00:56]} Rfe8 {[%emt 0:01:00]} 28. Bf1 {[%emt 0:05:33]} hxg3 {[%emt 0:00:47]} 29. hxg3 {[%emt 0:00:55]} Re7 {[%emt 0:01:16]} 30. Ng2 {[%emt 0:02:44]} Be4 {[%emt 0:02:34]} 31. Bd3 {[%emt 0:03:39]} f5 {[%emt 0:00:46]} 32. Ne3 {[%emt 0:00:25]} Rf7 {[%emt 0:01:55]} 33. Qc2 {[%emt 0:02:22]} f4 {[%emt 0:04:13]} 34. Bxe4 {[%emt 0:00:11]} dxe4 {[%emt 0:00:09]} 35. Qxe4 {[%emt 0:01:39]} fxe3 $19 {[%emt 0:00:08]} 36. Qxg6 {[%emt 0:00:07]} exf2+ {[%emt 0:00:05]} 37. Kf1 {[%emt 0:00:26]} Qd7 {[%emt 0:01:04]} 38. Qh5 {[%emt 0:02:00]} Qxd4 {[%emt 0:00:11]} 39. Qe2 {[%emt 0:01:13]} Qd5 {[%emt 0:00:09]} 40. Qxf2 {[%emt 0:01:20]} Qh1+ {[%emt 0:01:10]} 41. Ke2 {[%emt 0:00:11]} Re8+ {[%emt 0:00:22]} 42. Kd3 {[%emt 0:00:14]} Qd5+ {[%emt 0:01:28]} 43. Qd4 {[%emt 0:00:11]} Rf3+ {[%emt 0:00:05]} 0-1

[Event "11th Mumbai Mayors Cup 2018"]
[Site "Mumbai"]
[Date "2018.06.05"]
[Round "4"]
[White "Rozum, Ivan"]
[Black "Karthik Venkataraman"]
[Result "1/2-1/2"]
[WhiteElo "2581"]
[BlackElo "2475"]
[Annotator "TA"]
[PlyCount "61"]
[EventDate "2018.??.??"]
[EventType "swiss"]
[EventCountry "IND"]
[SourceTitle "playchess.com"]
[Source "ChessBase"]
[SourceQuality "1"]

{[%evp 22,61,0,0,11,14,12,18,31,24,25,22,18,18,22,22,20,0,0,0,0,0,0,0,0,14,0,-17,0,0,0,0,0,0,-4,-13,23,0,26,30,47,30]} 1. c4 c5 2. Nf3 Nc6 3. d4 cxd4 4. Nxd4 Nf6 5. Nc3 e6 6. a3 Be7 7. e4 O-O {A33: Symmetrical English: 2 Nf3 Nf6 3 d4 cxd4 4 Nxd4 e6 5 Nc3 Nc6} 8. Nf3 Qc7 (8... Qa5 9. Bd2 Qh5 10. Be2 d5 11. cxd5 exd5 12. exd5 Nxd5 13. Nd4 Qe5 14. Nf3 Qd6 15. Nxd5 Qxd5 {0-1 (70) Vidit,S (2715)-Vachier Lagrave,M (2789) Riadh 2017}) 9. Be2 b6 10. O-O Bb7 11. Bg5 h6 12. Bh4 {LiveBook: 6 Games} Rad8 13. Rc1 Qb8 14. Re1 Nh5 15. Bxe7 Nxe7 {[#]} 16. g3 $146 d6 17. Nd2 Nf6 18. Bd3 Rfe8 19. Qe2 Nc6 20. f4 Nd4 21. Qf2 Ng4 22. Qf1 ({Wrong is} 22. Qxd4 $2 e5 $19) 22... e5 23. h3 Nf6 24. f5 Qc7 25. Qf2 Rc8 26. Kh2 Qe7 27. Ne2 Nxe2 28. Qxe2 a6 29. Nb1 Bc6 30. Nc3 Rb8 31. a4 {Precision: White = 74%, Black = 57%.} 1/2-1/2